header

Molecular electronics (Record no. 220466)

MARC details
000 -LEADER
fixed length control field 01654nam a2200349 a 4500
100 1# - MAIN ENTRY--AUTHOR NAME
Personal name Cuevas, Juan Carlos.
245 10 - TITLE STATEMENT
Title Molecular electronics
260 ## - PUBLICATION, DISTRIBUTION, ETC. (IMPRINT)
Place of publication Singapore ;
-- Hackensack, N.J. :
Name of publisher World Scientific Pub. Co.,
Year of publication 2010.
300 ## - PHYSICAL DESCRIPTION
Number of Pages xix, 703 p. :
Other physical details ill. (some col.).
490 1# - SERIES STATEMENT
Series statement World Scientific series in nanoscience and nanotechnology ;
505 0# - FORMATTED CONTENTS NOTE
Formatted contents note pt. 1. Brief history of the field and experimental techniques -- pt. 2. Theoretical background -- pt. 3. Metallic atomic-size contacts -- pt. 4. Transport through molecular junctions -- pt. 5. Appendixes.
650 #0 - SUBJECT ADDED ENTRY--TOPICAL TERM
Topical Term Molecular electronics.
700 1# - ADDED ENTRY--PERSONAL NAME
Personal name Scheer, Elke.
856 40 - ELECTRONIC LOCATION AND ACCESS
Uniform Resource Identifier http://site.ebrary.com/lib/rucke/Doc?id=10480034

No items available.

© 2026 Rongo University
Contact us: librarian | system librarian | Rongo university